[Event "Altenkirchen Seniors op 18th"]
[Site "Altenkirchen"]
[Date "2021.07.08"]
[Round "7"]
[White "Bartsch, Marius"]
[Black "Hiby, Harald"]
[Result "1-0"]
[WhiteElo "1635"]
[BlackElo "1891"]
[PlyCount "97"]
[EventDate "2021.07.02"]
[EventType "swiss"]
[EventRounds "9"]
[EventCountry "GER"]
[SourceTitle "CBM 203 Extra"]
[Source "ChessBase"]
[SourceDate "2021.09.30"]
[SourceVersion "1"]
[SourceVersionDate "2021.09.30"]
[SourceQuality "1"]

1. e4 e6 2. d4 d5 3. Nc3 Nf6 4. Bg5 Be7 5. e5 Nfd7 6. h4 a6 7. Qg4 Kf8 8. Nf3 c5 9. dxc5 Nxc5 10. 0-0-0 Nc6 11. Kb1 Qc7 12. Qf4 b5 13. a3 Bb7 14. Bxb5 axb5 15. Nxb5 Qd7 16. Rhe1 Ba6 17. Bxe7+ Qxe7 18. Nd6 h6 19. h5 Rd8 20. Nh4 Kg8 21. Re3 Nxe5 22. Ndf5 exf5 23. Rxe5 Qg5 24. Qd4 Ne6 25. Qa4 Qxh5 26. Rexd5 Rxd5 27. Rxd5 Qe2 28. Nxf5 Qf1+ 29. Ka2 Qc4+ 30. Qb3 Kh7 31. Ne3 Qc7 32. c4 Rc8 33. Qc2+ Kg8 34. b3 Bb7 35. Rd2 Nc5 36. Nd5 Bxd5 37. Rxd5 Qc6 38. f3 Rb8 39. b4 Qa4 40. Qxa4 Nxa4 41. Kb3 Nb6 42. Rd6 Kf8 43. c5 Nc8 44. Rd8+ Ke7 45. Rg8 g6 46. a4 Ra8 47. b5 Nb6 48. Rxa8 Nxa8 49. b6 1-0

[Event "Altenkirchen Seniors op 18th"]
[Site "Altenkirchen"]
[Date "2021.07.06"]
[Round "5"]
[White "Bartsch, Marius"]
[Black "Nelles, Werner"]
[Result "1-0"]
[WhiteElo "1635"]
[BlackElo "1335"]
[PlyCount "85"]
[EventDate "2021.07.02"]
[EventType "swiss"]
[EventRounds "9"]
[EventCountry "GER"]
[SourceTitle "CBM 203 Extra"]
[Source "ChessBase"]
[SourceDate "2021.09.30"]
[SourceVersion "1"]
[SourceVersionDate "2021.09.30"]
[SourceQuality "1"]

1. d4 Nf6 2. Nc3 g6 3. e4 d6 4. Nf3 Bg7 5. Be2 0-0 6. h3 c6 7. 0-0 b5 8. e5 Nd5 9. Nxd5 cxd5 10. Bxb5 Ba6 11. Bxa6 Nxa6 12. c3 dxe5 13. Nxe5 Bxe5 14. dxe5 Qb6 15. Qxd5 Rfd8 16. Qf3 Qe6 17. Bf4 Rab8 18. b3 Nc7 19. c4 Ne8 20. Rfd1 Kg7 21. Rxd8 Rxd8 22. Rd1 Rxd1+ 23. Qxd1 g5 24. Bg3 Kg6 25. Qd3+ Qf5 26. Qxf5+ Kxf5 27. f3 e6 28. Kf2 Nc7 29. Ke3 Na6 30. a3 Nc5 31. b4 Nd7 32. Kd4 a6 33. Bh2 h5 34. g4+ hxg4 35. hxg4+ Kg6 36. a4 Nb6 37. a5 Nd7 38. b5 Nb8 39. Kc5 Nd7+ 40. Kc6 axb5 41. cxb5 Nxe5+ 42. Bxe5 f5 43. b6 1-0

[Event "Altenkirchen Seniors op 18th"]
[Site "Altenkirchen"]
[Date "2021.07.02"]
[Round "1"]
[White "Bartsch, Marius"]
[Black "Heid, Michael"]
[Result "0-1"]
[WhiteElo "1635"]
[BlackElo "1942"]
[PlyCount "86"]
[EventDate "2021.07.02"]
[EventType "swiss"]
[EventRounds "9"]
[EventCountry "GER"]
[SourceTitle "CBM 203 Extra"]
[Source "ChessBase"]
[SourceDate "2021.09.30"]
[SourceVersion "1"]
[SourceVersionDate "2021.09.30"]
[SourceQuality "1"]

1. d4 e6 2. e4 d5 3. Nc3 Nf6 4. e5 Nfd7 5. f4 c5 6. Nf3 Nc6 7. Be2 a6 8. Be3 Qb6 9. Qd2 Qxb2 10. Rb1 Qa3 11. Rb3 Qa5 12. Nd1 Qxd2+ 13. Kxd2 cxd4 14. Nxd4 Nc5 15. Rb1 Ne4+ 16. Ke1 Bb4+ 17. c3 Bxc3+ 18. Nxc3 Nxc3 19. Rb2 Na4 20. Rd2 Bd7 21. Nb3 0-0 22. Kf2 Rfc8 23. g4 g5 24. h4 gxf4 25. Bxf4 Nc3 26. Nc5 Nxe5 27. Nxd7 Nxd7 28. Bf3 Nf6 29. Rd4 Nxa2 30. h5 Rc2+ 31. Rd2 Rac8 32. Rb1 b5 33. Ra1 Nb4 34. Ra3 e5 35. Bh6 e4 36. Bd1 Nd3+ 37. Ke3 R2c3 38. Rxc3 Rxc3 39. g5 Nd7 40. g6 fxg6 41. Kd4 Rc5 42. Bg4 Rc4+ 43. Kxd5 Nf6+ 0-1

[Event "Wiesbaden op 29th"]
[Site "Wiesbaden"]
[Date "2017.08.27"]
[Round "6"]
[White "Bartsch, Marius"]
[Black "Deppe, Leo Max"]
[Result "1-0"]
[WhiteElo "1608"]
[BlackElo "1846"]
[PlyCount "87"]
[EventDate "2017.08.24"]
[EventType "swiss"]
[EventRounds "7"]
[EventCountry "GER"]
[SourceTitle "CBM 180 Extra"]
[Source "ChessBase"]
[SourceDate "2017.10.06"]
[SourceVersion "1"]
[SourceVersionDate "2017.10.06"]
[SourceQuality "1"]

1. e4 d5 2. exd5 Nf6 3. d4 Bg4 4. Bb5+ c6 5. dxc6 Bxd1 6. c7+ Nc6 7. cxd8Q+ Rxd8 8. Kxd1 Rxd4+ 9. Ke2 e6 10. Nf3 Re4+ 11. Be3 Be7 12. Nbd2 Rb4 13. Bxc6+ bxc6 14. b3 a6 15. Nd4 Kd7 16. Nc4 c5 17. Ne5+ Kc7 18. Ndc6 Re4 19. f3 Rxe3+ 20. Kxe3 Nd5+ 21. Kf2 Bf6 22. c4 Ne7 23. Nxf7 Nxc6 24. Nxh8 Kd7 25. Rad1+ Nd4 26. Rhe1 Ke7 27. f4 g6 28. Nxg6+ hxg6 29. g4 Bh4+ 30. Kf1 Bxe1 31. Rxe1 Nc6 32. Re2 Nd4 33. Kf2 Kf6 34. Rd2 e5 35. fxe5+ Kxe5 36. h3 g5 37. Ke3 a5 38. Rf2 Ne6 39. Rf5+ Kd6 40. Rf6 Ke7 41. Rf5 Kd6 42. Rd5+ Ke7 43. Re5 Kd6 44. Rxe6+ 1-0

[Event "Wiesbaden op 29th"]
[Site "Wiesbaden"]
[Date "2017.08.24"]
[Round "1"]
[White "Zimmer, Gerald"]
[Black "Bartsch, Marius"]
[Result "1-0"]
[WhiteElo "1963"]
[BlackElo "1608"]
[PlyCount "81"]
[EventDate "2017.08.24"]
[EventType "swiss"]
[EventRounds "7"]
[EventCountry "GER"]
[SourceTitle "CBM 180 Extra"]
[Source "ChessBase"]
[SourceDate "2017.10.06"]
[SourceVersion "1"]
[SourceVersionDate "2017.10.06"]
[SourceQuality "1"]

1. d4 f5 2. c4 Nf6 3. Nc3 e6 4. Nf3 Be7 5. g3 d6 6. Bg2 0-0 7. 0-0 a5 8. b3 Ne4 9. Bb2 Nxc3 10. Bxc3 Nd7 11. Qc2 Qe8 12. Rae1 Qh5 13. e4 f4 14. e5 d5 15. cxd5 exd5 16. Qe2 b6 17. Nd2 Qxe2 18. Bxd5+ Kh8 19. Rxe2 Ba6 20. Bc4 b5 21. Bd3 b4 22. Bxa6 bxc3 23. Bb5 Nb6 24. Ne4 Rad8 25. Nxc3 Rxd4 26. Re4 Bc5 27. Rd1 Rxd1+ 28. Nxd1 fxg3 29. hxg3 Nd5 30. Bc4 Ne7 31. Kg2 g5 32. f4 h6 33. Nc3 Bb6 34. Nd5 Nxd5 35. Bxd5 g4 36. e6 Re8 37. f5 Kg7 38. Rxg4+ Kf6 39. Be4 Bd4 40. Bc6 Rh8 41. Rxd4 1-0

[Event "IECG WC.2003.T.00001 email"]
[Site "IECG email"]
[Date "2002.08.04"]
[Round "?"]
[White "Bartsch, Marius"]
[Black "Brueckel, Gerhard"]
[Result "0-1"]
[WhiteElo "1967"]
[BlackElo "2330"]
[PlyCount "43"]
[EventDate "2002.08.04"]
[EventType "tourn (corr)"]
[EventRounds "10"]
[SourceTitle "Corr 2008"]
[Source "ChessBase"]
[SourceDate "2008.06.24"]
[SourceVersion "1"]
[SourceVersionDate "2008.06.24"]
[SourceQuality "1"]

1. e4 c5 2. Nf3 Nc6 3. d4 cxd4 4. Nxd4 Nf6 5. Nc3 d6 6. Bg5 Bd7 7. Qd2 Rc8 8. f4 Nxd4 9. Qxd4 Qa5 10. e5 dxe5 11. fxe5 e6 12. 0-0-0 Bc6 13. Nb5 Bxb5 14. exf6 Bc6 15. h4 Rg8 16. Bc4 gxf6 17. Qxf6 Rg6 18. Qf4 h6 19. Bf6 Rxg2 20. Rhg1 Rxg1 21. Rxg1 Bd5 22. Bxd5 0-1

[Event "IECG WC.2003.T.00001 email"]
[Site "IECG email"]
[Date "2002.08.04"]
[Round "?"]
[White "Bartsch, Marius"]
[Black "Karabalis, Harilos"]
[Result "0-1"]
[WhiteElo "1967"]
[BlackElo "2167"]
[PlyCount "21"]
[EventDate "2002.08.04"]
[EventType "tourn (corr)"]
[EventRounds "10"]
[SourceTitle "Corr 2008"]
[Source "ChessBase"]
[SourceDate "2008.06.24"]
[SourceVersion "1"]
[SourceVersionDate "2008.06.24"]
[SourceQuality "1"]

1. e4 e6 2. d4 d5 3. Nc3 Bb4 4. e5 Ne7 5. a3 Bxc3+ 6. bxc3 c5 7. Qg4 Qc7 8. Ne2 0-0 9. h4 cxd4 10. cxd4 Qxc2 11. h5 0-1

[Event "SEMI W-ch3 LG fin (Hage mem) email"]
[Site "SEMI email"]
[Date "2002.03.01"]
[Round "?"]
[White "Ruggeri Laderchi, Giorgio"]
[Black "Bartsch, Marius"]
[Result "0-1"]
[WhiteElo "2416"]
[BlackElo "2329"]
[PlyCount "68"]
[EventDate "2002.??.??"]
[EventType "tourn (corr)"]
[EventRounds "10"]
[EventCountry "ITA"]
[SourceTitle "Corr 2008"]
[Source "ChessBase"]
[SourceDate "2008.06.24"]
[SourceVersion "1"]
[SourceVersionDate "2008.06.24"]
[SourceQuality "1"]

1. e4 e5 2. Nf3 f5 3. Nxe5 Qf6 4. Nc4 fxe4 5. Nc3 Qf7 6. Ne3 c6 7. d3 exd3 8. Bxd3 d5 9. 0-0 Bc5 10. Nexd5 cxd5 11. Nxd5 Be6 12. Nf4 Bd7 13. Qe2+ Kd8 14. Be4 Nc6 15. Bxc6 bxc6 16. Rd1 Kc8 17. Qa6+ Kc7 18. Nd3 Bd6 19. Qa5+ Kc8 20. Be3 Qc4 21. Ne5 Bxe5 22. Qxe5 Nf6 23. Bf4 Nd5 24. Rd4 Qc5 25. b4 Qb6 26. Qxg7 Re8 27. Be3 Qc7 28. Qxh7 Qe5 29. Rdd1 Bf5 30. Qh6 Kb7 31. Bd4 Qc7 32. c4 Nf4 33. Be3 Nxg2 34. Kxg2 Re6 0-1

[Event "IECG WC.2003.S.00013 email"]
[Site "IECG email"]
[Date "2001.04.01"]
[Round "?"]
[White "Bartsch, Marius"]
[Black "Lambert, Andreas"]
[Result "1/2-1/2"]
[WhiteElo "1816"]
[BlackElo "2111"]
[PlyCount "65"]
[EventDate "2001.04.01"]
[EventType "tourn (corr)"]
[EventRounds "8"]
[SourceTitle "Corr 2008"]
[Source "ChessBase"]
[SourceDate "2008.06.24"]
[SourceVersion "1"]
[SourceVersionDate "2008.06.24"]
[SourceQuality "1"]

1. e4 c5 2. Nf3 d6 3. d4 cxd4 4. Nxd4 Nf6 5. Nc3 a6 6. Bg5 e6 7. f4 Nbd7 8. Qf3 Qc7 9. 0-0-0 b5 10. Bxb5 axb5 11. e5 Bb7 12. Ndxb5 Qc8 13. exf6 Bxf3 14. fxg7 Rg8 15. gxf8Q+ Kxf8 16. gxf3 d5 17. Rhe1 Kg7 18. Be7 Qc4 19. Rd4 Qc6 20. f5 Rae8 21. Bb4 e5 22. Rxd5 Nb6 23. Rd3 Qh6+ 24. Kb1 Qxh2 25. Nd6 Ref8 26. Nce4 Kh8 27. Rd2 Rg2 28. Rxg2 Qxg2 29. Nf6 Kg7 30. Nh5+ Kh6 31. Nf6 Kg7 32. Nh5+ Kh6 33. Nf6 1/2-1/2

[Event "IECG WC.2003.S.00013 email"]
[Site "IECG email"]
[Date "2001.04.01"]
[Round "?"]
[White "Medveski, Mike"]
[Black "Bartsch, Marius"]
[Result "1/2-1/2"]
[WhiteElo "1822"]
[BlackElo "1816"]
[PlyCount "39"]
[EventDate "2001.04.01"]
[EventType "tourn (corr)"]
[EventRounds "8"]
[SourceTitle "Corr 2008"]
[Source "ChessBase"]
[SourceDate "2008.06.24"]
[SourceVersion "1"]
[SourceVersionDate "2008.06.24"]
[SourceQuality "1"]

1. e4 c5 2. Nf3 d6 3. d4 cxd4 4. Nxd4 Nf6 5. Nc3 g6 6. Be3 Bg7 7. f3 0-0 8. Qd2 Nc6 9. 0-0-0 Nxd4 10. Bxd4 Be6 11. g4 Qa5 12. a3 Rfc8 13. Kb1 Rab8 14. g5 Ne8 15. Nd5 Qxd2 16. Rxd2 Bxd5 17. exd5 Bxd4 18. Rxd4 b5 19. Bh3 Rc4 20. Rhd1 1/2-1/2

[Event "IECG WC.2003.S.00013 email"]
[Site "IECG email"]
[Date "2001.04.01"]
[Round "?"]
[White "Tay, Junior"]
[Black "Bartsch, Marius"]
[Result "0-1"]
[WhiteElo "2208"]
[BlackElo "1816"]
[PlyCount "94"]
[EventDate "2001.04.01"]
[EventType "tourn (corr)"]
[EventRounds "8"]
[SourceTitle "Corr 2008"]
[Source "ChessBase"]
[SourceDate "2008.06.24"]
[SourceVersion "1"]
[SourceVersionDate "2008.06.24"]
[SourceQuality "1"]

1. d4 Nf6 2. c4 c5 3. d5 b5 4. a4 bxc4 5. Nc3 d6 6. e4 g6 7. Bxc4 Bg7 8. f4 Ba6 9. Bb5+ Bxb5 10. axb5 0-0 11. Nf3 Nbd7 12. 0-0 Nb6 13. Qe2 Qc7 14. Bd2 Rfe8 15. Rfe1 Rab8 16. Ra6 e6 17. dxe6 Rxe6 18. Rea1 Rb7 19. Ng5 Re7 20. Qf3 Qd7 21. Be1 h6 22. Nh3 Nxe4 23. Nxe4 Qe8 24. Bc3 Rxe4 25. Nf2 Ree7 26. h3 f5 27. Qc6 Nc8 28. R1a5 Rb6 29. Qd5+ Kh7 30. g4 fxg4 31. hxg4 Rf7 32. Rxb6 Nxb6 33. Qe4 Qf8 34. f5 gxf5 35. gxf5 d5 36. Qd3 c4 37. Qc2 Bxc3 38. f6+ Kh8 39. Qxc3 Qg8+ 40. Kf1 Qd8 41. Qd4 Kh7 42. Ke2 Qe8+ 43. Kd1 Qe6 44. Ra3 Qxf6 45. Qxf6 Rxf6 46. Rxa7+ Kg6 47. Ng4 Re6 0-1

[Event "SEMI W-ch3 LG sf-A email"]
[Site "SEMI email"]
[Date "2000.11.15"]
[Round "?"]
[White "Bartsch, Marius"]
[Black "Rozzoni, Roberto"]
[Result "1-0"]
[WhiteElo "2309"]
[BlackElo "1712"]
[PlyCount "83"]
[EventDate "2000.11.15"]
[EventType "tourn (corr)"]
[EventRounds "12"]
[EventCountry "ITA"]
[SourceTitle "Corr 2008"]
[Source "ChessBase"]
[SourceDate "2008.06.24"]
[SourceVersion "1"]
[SourceVersionDate "2008.06.24"]
[SourceQuality "1"]

1. e4 e5 2. Nf3 f5 3. Nxe5 Qf6 4. Nc4 fxe4 5. Nc3 Qf7 6. Ne3 c6 7. d3 exd3 8. Bxd3 d5 9. 0-0 Bd6 10. Re1 Ne7 11. Nexd5 cxd5 12. Nb5 0-0 13. Nxd6 Qxf2+ 14. Kh1 Bg4 15. Qd2 Qh4 16. b4 Nbc6 17. Bb2 Rad8 18. Nxb7 Rb8 19. Nd6 Rxb4 20. c4 Rbb8 21. Kg1 Rfd8 22. cxd5 Rxd6 23. dxc6 Rxd3 24. Qxd3 Rxb2 25. Qd8+ Kf7 26. Rxe7+ Qxe7 27. Rf1+ Ke6 28. Qc8+ Kd5 29. Qxg4 Kxc6 30. Rc1+ Kb5 31. a4+ Ka5 32. Qd4 Qe2 33. Qxa7+ Kb4 34. Qb7+ Ka5 35. Qc6 Kb4 36. Kh1 g6 37. Qb7+ Ka5 38. Qa8+ Kb4 39. a5 Rc2 40. Qb7+ Ka4 41. Ra1+ Ra2 42. Rb1 1-0

[Event "SEMI W-ch3 LG sf-A email"]
[Site "SEMI email"]
[Date "2000.11.15"]
[Round "?"]
[White "Rozzoni, Roberto"]
[Black "Bartsch, Marius"]
[Result "1-0"]
[WhiteElo "1712"]
[BlackElo "2309"]
[PlyCount "59"]
[EventDate "2000.11.15"]
[EventType "tourn (corr)"]
[EventRounds "12"]
[EventCountry "ITA"]
[SourceTitle "Corr 2008"]
[Source "ChessBase"]
[SourceDate "2008.06.24"]
[SourceVersion "1"]
[SourceVersionDate "2008.06.24"]
[SourceQuality "1"]

1. e4 e5 2. Nf3 f5 3. Nxe5 Qf6 4. Nc4 fxe4 5. Nc3 Qf7 6. Ne3 c6 7. Nxe4 d5 8. Ng5 Qf6 9. Nf3 Bd6 10. d4 Ne7 11. c4 0-0 12. Qb3 Be6 13. c5 Bf4 14. Qxb7 Nd7 15. Be2 Rfb8 16. Qa6 Bf7 17. 0-0 Bh5 18. Re1 Nf8 19. Nd2 Bxe2 20. Qxe2 Qxd4 21. Nc2 Qxc5 22. Nb3 Rxb3 23. axb3 Neg6 24. b4 Qd6 25. Bxf4 Nxf4 26. Qe5 Qxe5 27. Rxe5 d4 28. Nxd4 N8g6 29. Rea5 Rd8 30. Nxc6 1-0

[Event "SEMI W-ch3 LG sf-A email"]
[Site "SEMI email"]
[Date "2000.11.15"]
[Round "?"]
[White "Zaniratti, Ivano"]
[Black "Bartsch, Marius"]
[Result "0-1"]
[WhiteElo "2043"]
[BlackElo "2309"]
[PlyCount "66"]
[EventDate "2000.11.15"]
[EventType "tourn (corr)"]
[EventRounds "12"]
[EventCountry "ITA"]
[SourceTitle "Corr 2008"]
[Source "ChessBase"]
[SourceDate "2008.06.24"]
[SourceVersion "1"]
[SourceVersionDate "2008.06.24"]
[SourceQuality "1"]

1. e4 e5 2. Nf3 f5 3. Nxe5 Qf6 4. Nc4 fxe4 5. Nc3 Qf7 6. Ne3 c6 7. Nxe4 d5 8. Ng5 Qf6 9. Nf3 Bd6 10. d4 Ne7 11. c4 0-0 12. Qb3 Be6 13. Qxb7 Nd7 14. Qa6 Nf5 15. Bd2 Nxd4 16. Nxd4 Qxd4 17. Qxc6 Qf4 18. cxd5 Ne5 19. Qa6 Qxf2+ 20. Kd1 Rf4 21. dxe6 Bb4 22. Qe2 Rd8 23. Qxf2 Rxf2 24. Bb5 Rdxd2+ 25. Kc1 Nd3+ 26. Bxd3 Rxd3 27. Rf1 Rxe3 28. Rxf2 Re1+ 29. Kc2 Rxa1 30. Kb3 Bf8 31. Re2 Be7 32. Rc2 h5 33. Re2 Kf8 0-1

[Event "IECG WC.2003.P.00002 email"]
[Site "IECG email"]
[Date "2000.??.??"]
[Round "?"]
[White "Roques, Pascal"]
[Black "Bartsch, Marius"]
[Result "1/2-1/2"]
[WhiteElo "2192"]
[BlackElo "1900"]
[PlyCount "101"]
[EventDate "2000.01.26"]
[EventType "tourn (corr)"]
[EventRounds "10"]
[SourceTitle "Corr 2008"]
[Source "ChessBase"]
[SourceDate "2008.06.24"]
[SourceVersion "1"]
[SourceVersionDate "2008.06.24"]
[SourceQuality "1"]

1. Nc3 d5 2. d4 Nf6 3. e4 Nxe4 4. Nxe4 dxe4 5. Bc4 Qd6 6. c3 Qg6 7. Ne2 e5 8. Be3 Nd7 9. dxe5 Be7 10. Nf4 Qf5 11. e6 Ne5 12. exf7+ Nxf7 13. Qd4 0-0 14. Bd5 Bf6 15. Qc4 Kh8 16. 0-0-0 Nd6 17. Qxc7 Be5 18. g3 Qf6 19. h3 a5 20. Rd2 a4 21. a3 Bf5 22. Qb6 Rac8 23. Rhd1 Rfe8 24. Ba2 Bxf4 25. gxf4 Nc4 26. Qxf6 gxf6 27. Rd4 b5 28. h4 Bg4 29. Bxc4 bxc4 30. R1d2 Kg7 31. Rd6 Kg6 32. R2d4 Re6 33. R6d5 f5 34. Ra5 Kh5 35. Rxa4 Rec6 36. Ra7 h6 37. a4 Kxh4 38. a5 Kh3 39. Rd5 h5 40. a6 h4 41. Ra5 Kg2 42. Rg7 h3 43. Rxf5 Kf3 44. Rfg5 Rh8 45. Rxg4 h2 46. Kd1 Rd8+ 47. Ke1 h1Q+ 48. Rg1 Rg6 49. R7xg6 Rd1+ 50. Kxd1 Qxg1+ 51. Rxg1 1/2-1/2

[Event "IECG WC.2003.P.00002 email"]
[Site "IECG email"]
[Date "2000.??.??"]
[Round "?"]
[White "Scheepmaker, Luc"]
[Black "Bartsch, Marius"]
[Result "0-1"]
[WhiteElo "1730"]
[BlackElo "1900"]
[PlyCount "78"]
[EventDate "2000.01.26"]
[EventType "tourn (corr)"]
[EventRounds "10"]
[SourceTitle "Corr 2008"]
[Source "ChessBase"]
[SourceDate "2008.06.24"]
[SourceVersion "1"]
[SourceVersionDate "2008.06.24"]
[SourceQuality "1"]

1. c4 Nf6 2. Nc3 e5 3. g3 d5 4. cxd5 Nxd5 5. Bg2 Nb6 6. d3 Be7 7. Nf3 Nc6 8. 0-0 0-0 9. a3 Be6 10. b4 a5 11. b5 Nd4 12. Nd2 c6 13. a4 cxb5 14. Nxb5 Nxb5 15. axb5 Qd7 16. Ba3 Bb4 17. Bxb4 axb4 18. Ne4 Qxb5 19. Nd6 Qd7 20. Nxb7 Bd5 21. Nc5 Qc6 22. Bxd5 Nxd5 23. Na4 Ra5 24. e4 Nc3 25. Nxc3 Rxa1 26. Qxa1 bxc3 27. Qa5 f6 28. Qa2+ Kh8 29. Qc2 g6 30. Rc1 Rc8 31. Rb1 Qc5 32. Kg2 Kg7 33. Rb7+ Rc7 34. Rb1 f5 35. Rb3 Qd4 36. Rb5 f4 37. Rd5 Qb6 38. gxf4 exf4 39. d4 Qf6 0-1

[Event "IECC TH-M email"]
[Site "IECC email"]
[Date "1999.07.06"]
[Round "?"]
[White "Femmel, Don"]
[Black "Bartsch, Marius"]
[Result "1/2-1/2"]
[WhiteElo "2117"]
[BlackElo "2104"]
[PlyCount "76"]
[EventDate "1999.??.??"]
[EventType "match (corr)"]
[EventRounds "2"]
[SourceTitle "Corr 2008"]
[Source "ChessBase"]
[SourceDate "2008.06.24"]
[SourceVersion "1"]
[SourceVersionDate "2008.06.24"]
[SourceQuality "1"]

1. e4 c5 2. d4 cxd4 3. c3 Nf6 4. e5 Nd5 5. Nf3 Nc6 6. cxd4 d6 7. Bc4 Nb6 8. Bb5 dxe5 9. Nxe5 Bd7 10. Nxd7 Qxd7 11. Nc3 e6 12. 0-0 Rc8 13. Be3 a6 14. Be2 Be7 15. Rc1 0-0 16. Bf3 Nc4 17. Na4 Nb4 18. Rxc4 Rxc4 19. Nb6 Qc7 20. Nxc4 Qxc4 21. a3 Nd5 22. Be4 f5 23. Bc2 Bf6 24. Bb3 Qb5 25. Re1 Rd8 26. Qc2 Qb6 27. Kh1 Kf7 28. Rd1 f4 29. Bd2 Bxd4 30. Bc3 Nxc3 31. bxc3 Bf6 32. Rb1 Qc6 33. Qxh7 Qxc3 34. h3 Qe5 35. Bd1 b5 36. Bh5+ Ke7 37. Qg6 Rf8 38. Rc1 Qf5 1/2-1/2

[Event "SEMI W-ch3 Latvian gam-B corr"]
[Site "SEMI email"]
[Date "1999.??.??"]
[Round "?"]
[White "Bartsch, Marius"]
[Black "Perez, Giorgio"]
[Result "1-0"]
[WhiteElo "2100"]
[BlackElo "1915"]
[PlyCount "67"]
[EventDate "1999.04.06"]
[EventType "tourn (corr)"]
[EventRounds "6"]
[EventCountry "ITA"]
[SourceTitle "Corr 2008"]
[Source "ChessBase"]
[SourceDate "2008.06.24"]
[SourceVersion "1"]
[SourceVersionDate "2008.06.24"]
[SourceQuality "1"]

1. e4 e5 2. Nf3 f5 3. Nxe5 Qf6 4. Nc4 fxe4 5. Nc3 Qf7 6. Ne3 c6 7. Nxe4 d5 8. Ng5 Qf6 9. Nf3 d4 10. Nc4 b5 11. Qe2+ Ne7 12. Nce5 Nd7 13. a4 b4 14. Nxd7 Bxd7 15. Qe4 Bf5 16. Qxd4 Qe6+ 17. Be2 Bxc2 18. Qxb4 Bd3 19. Nd4 Qe5 20. Qc3 Bxe2 21. Nxe2 Qxc3 22. dxc3 Nd5 23. 0-0 a5 24. Nd4 Kd7 25. Rd1 g6 26. c4 Nb6 27. b3 c5 28. Nb5+ Kc6 29. Bb2 Rg8 30. Re1 Rd8 31. Bf6 Rd3 32. Rad1 Rxb3 33. Re6+ Kb7 34. Kf1 1-0

[Event "SEMI W-ch3 Latvian gam-B corr"]
[Site "SEMI email"]
[Date "1999.??.??"]
[Round "?"]
[White "Caponero, Ricardo"]
[Black "Bartsch, Marius"]
[Result "0-1"]
[WhiteElo "1121"]
[BlackElo "2100"]
[PlyCount "40"]
[EventDate "1999.04.06"]
[EventType "tourn (corr)"]
[EventRounds "6"]
[EventCountry "ITA"]
[SourceTitle "Corr 2008"]
[Source "ChessBase"]
[SourceDate "2008.06.24"]
[SourceVersion "1"]
[SourceVersionDate "2008.06.24"]
[SourceQuality "1"]

1. e4 e5 2. Nf3 f5 3. Nxe5 Qf6 4. Nc4 fxe4 5. b3 Qxa1 6. Bb2 Qxa2 7. Nc3 Qa6 8. Nd5 Kd8 9. Ne5 Qe6 10. Qh5 g6 11. Qh4+ Be7 12. Qxe4 Nh6 13. Bc4 Qf5 14. Nf7+ Qxf7 15. Bxh8 c6 16. Nc7 d5 17. Nxa8 dxe4 18. Bxf7 Nxf7 19. Bc3 b5 20. 0-0 b4 0-1

[Event "IECC CL2-1999.04"]
[Site "IECC email"]
[Date "1998.12.13"]
[Round "?"]
[White "Bartsch, Marius"]
[Black "Van Deursen, Peter"]
[Result "1-0"]
[WhiteElo "2052"]
[BlackElo "2141"]
[PlyCount "71"]
[EventDate "1999.??.??"]
[EventType "tourn (corr)"]
[EventRounds "4"]
[SourceTitle "Corr 2008"]
[Source "ChessBase"]
[SourceDate "2008.06.24"]
[SourceVersion "1"]
[SourceVersionDate "2008.06.24"]
[SourceQuality "1"]

1. e4 Nf6 2. e5 Nd5 3. d4 d6 4. Nf3 Bg4 5. Be2 c6 6. Ng5 Bf5 7. e6 fxe6 8. g4 Bg6 9. Bd3 Bxd3 10. Qxd3 g6 11. h4 Na6 12. Qf3 Nf6 13. Nxe6 Qd7 14. Qe2 Nc7 15. Nxc7+ Qxc7 16. h5 Qa5+ 17. Nc3 Nd5 18. Bd2 Nxc3 19. Bxc3 Qd5 20. 0-0-0 g5 21. Rhe1 Kd7 22. Kb1 Re8 23. Bd2 b5 24. f4 gxf4 25. Bxf4 Rg8 26. g5 Bg7 27. Qd3 Qf7 28. Be3 d5 29. h6 Bh8 30. Qa3 a5 31. Qc5 Ra8 32. Bf4 Qe8 33. Qb6 Qc8 34. Re2 e6 35. Rde1 Rg6 36. Rf2 1-0